000 00564nam a2200193Ia 4500
003 GCL
008 140319s9999 xx 000 0 eng d
040 _aGCL /
_cGCL
082 0 4 _aREF
_b020.3
_bF I
100 1 _aFEATHER, JONE.
245 1 0 _aINTERNATIONAL ENCYCLOPEDIA OF INFORMATION AND LIBRARY SCIENCE. /
_cFEATHER, JONE.
700 1 _aSTURGES, PAUL.
260 _a[S.N] :
_bROUTLEDGE ،
_c1997
300 _a492 P
650 0 4 _aINFORMATION SCIENCE - ENCYCLOPEDIA
650 0 4 _aLIBRARY SCIENCE - ENCYCLOPEDIA
650 0 4 _aENCYCLOPEDIES
942 _2ddc
_cBK
999 _c13043
_d13043